| 000 | 00607cam a22002054a 4500 | ||
|---|---|---|---|
| 005 | 20250605164147.0 | ||
| 008 | 250528s ||||||||||||||||||||||||d | ||
| 035 | _a19243 | ||
| 020 | _a931392144 | ||
| 040 |
_aGR-AtMCL _bgre _dGR-AtMCL _eAACR2 |
||
| 245 | 1 | _aInternational Directory of the American Institute of Architects / Second Edition | |
| 250 | _a2nd | ||
| 260 | _c1982 | ||
| 300 | _a130 | ||
| 520 | _aFrom the Department of Commerce, Introduction, Index of Firms, Firms. | ||
| 710 | 2 |
_aThe American Institute Of Architects _99769 |
|
| 942 | _cBK | ||
| 999 |
_c4509 _d4509 |
||